[Event "EU-chT (Men) 14th"]
[Site "Plovdiv"]
[Date "2003.10.14"]
[Round "4.1"]
[White "Acs, Peter"]
[Black "Nyback, Tomi"]
[Result "1/2-1/2"]
[WhiteElo "2593"]
[BlackElo "2497"]
[Annotator "Erenburg,S"]
[PlyCount "85"]
[EventDate "2003.10.10"]
[EventType "team-swiss"]
[EventRounds "9"]
[EventCountry "BUL"]
[SourceTitle "CBM 098"]
[Source "ChessBase"]
[SourceDate "2004.02.03"]
[SourceVersion "1"]
[SourceVersionDate "2004.02.03"]
[SourceQuality "1"]
[WhiteTeam "Hungary"]
[BlackTeam "Finland"]
[WhiteTeamCountry "HUN"]
[BlackTeamCountry "FIN"]

1. e4 d6 2. d4 Nf6 3. Nc3 g6 4. f4 Bg7 5. Nf3 c5 6. Bb5+ Bd7 7. e5 Ng4 8. Bxd7+
Qxd7 9. d5 dxe5 10. h3 e4 11. hxg4 {Another theoretical line is} (11. Nxe4 Nf6)
11... exf3 12. Qxf3 Na6 13. Bd2 ({According to my database nobody played the
dubious} 13. Be3 $6 O-O-O 14. Rd1 Bxc3+ 15. bxc3 Qa4 $15) 13... O-O-O ({
Black tried also} 13... Nb4 {, but after} 14. O-O-O O-O-O 15. Ne4 Qa4 16. Bxb4
cxb4 17. Kb1 h6 18. f5 $16 {his position looks much worse. 1-0 Tzermiadianos,
A-Inarkiev,E/4th IECC, Istanbul TUR 2003 (64)}) 14. O-O-O Nc7 (14... Nb4 15.
Ne4 $1 {-see 13...Nb4.}) 15. Be1 {defending the d5 pawn. From e1 square white
has some options to transfer the dark-squared bishop to g3, h4, or maybe to f2.
} ({Comes to consideration} 15. Rhe1 $5 Bd4 (15... Rhe8 $5) 16. f5 $13) 15...
f5 {preparing the breakthrough e7-e5. The following continuations don't
promise black an equality:} (15... Nb5 $6 16. Nxb5 Qxb5 17. Bc3 $14) (15... Bd4
16. Bf2 $14) (15... e5 16. Bh4 Rde8 17. f5 $1 $14) 16. gxf5 ({Worse is} 16. g5
$6 e5 $1) 16... gxf5 {In my opinion, more logical to capture the pawn by the
queen:} (16... Qxf5 {0-1 Luther,T-Beliavsky,A/Germany 2002/CBM 93/[Erenburg] 
(31)}) 17. Rh5 $1 $146 {[%csl Re7,Rf5][%cal Ye1h4,Yf3d3,Rh5f5,Rh4e7,Rd3f5] In
my opinion, very strong improvement in comparison to} (17. Bh4 Qd6 18. Rhe1
Rhe8 19. g3 Rd7 20. Re3 Bd4 21. Red3 {1/2-1/2 Wahls,M-Kindermann,S/Germany
1998/GER-chT (21)}) ({Very interesting looks} 17. Ne2 $5 {, but nobody still
tried it in practice.} Kb8 18. Bc3 Bxc3 19. Nxc3 $14 e6 $6 20. d6 $1 Ne8 21.
Qe3 b6 22. Rh6 $16) 17... h6 {This purpose of this move is to liberate the h8
rook from defending the "h" pawn, thus, allowing it to be transfered to the
center or to the open file "g".} (17... e6 18. Bh4 Rdg8 19. d6 $14) (17... Kb8
18. Bh4) 18. Bh4 $14 {White's position is slightly better, thanks to superior
pawn structure, more active pieces and space advantage.} Rde8 (18... Bd4 19.
Bf2 $1 $16) 19. Bxe7 $2 {White went on force variation, which allows black to
change some of his passive pieces. Probably, Acs was sure, that he is going ot
get an obcious advantage. However, this decision appeaers to be wrong...} ({
Probably much better was} 19. Ne2 $14 {[%csl Rf5][%cal Ge2g3,Gf3d3,Rg3f5,Rd3f5,
Rh5f5] White is going to put pressure on f5 pawn, while black remains with his
problems: passive pieces, lack of space and worse pawn structure. For instance,
} e6 20. Ng3 $5 (20. d6 Nd5 21. c4 Nb6 22. b3 $14) 20... Qb5 (20... Nxd5 21. c4
) (20... exd5 21. Nxf5 Kb8 22. Bf2 $16 {[%cal Yg2g4]}) 21. c3 Nxd5 22. Nxf5 Bf8
23. Ne3 $16) 19... Qxe7 ({Much worse is} 19... Rxe7 20. d6 Re4 21. dxc7 Rd4 22.
Nd5 $1 $16 {[%cal Gc2c3]}) 20. d6 Qe3+ 21. Kb1 (21. Qxe3 Rxe3 22. dxc7 Bxc3 23.
bxc3 Rxc3 {This position arised in the game, but with one difference- white
king was located on b1, instead of c1.}) 21... Bd4 $1 {The only move. Maybe
this one was overlooked by white, when he was playing 19.Bxe7.} 22. Qxe3 Rxe3
23. dxc7 Bxc3 24. bxc3 Rxc3 ({After} 24... Rg3 {black could achieve a draw as
well.}) 25. Rxf5 Rh7 26. Rd2 (26. Kb2 {doesn't increase white's chances for a
win:} Rc4 $1 (26... Rg3 27. Rxc5 Rxc7 28. Rxc7+ Kxc7 29. Rd2) 27. Kb3 Rb4+ 28.
Kc3 b6 29. g4 Rg7 $1 $11) 26... Kxc7 $1 (26... Rg7 $6 27. Rf8+ Kxc7 28. f5 $16
{[%cal Gd2f2]}) 27. Rf2 {preparing to push forward his "f" pawn.} (27. Kb2 Rc4)
27... Rg7 28. Kb2 (28. Rh5 Rg6 (28... Rcg3 29. Rxc5+ Kd7 30. Rh5 $16) 29. Re5
Rf6 $11) ({After} 28. Re5 {black easily stops the "f" pawn:} b6 29. f5 Rcg3 30.
f6 Rf7 $11 {[%cal Gg3g6]}) 28... Rc4 29. Re5 Kd6 $11 {White doesn't succeed to
advance the "f" pawn, as well as he cannot win one of the black's pawns,
therefore, the position is equal.} (29... b6 30. f5 Rcg4 31. f6 Rf7 $11) 30.
Re3 Rf7 31. g3 (31. f5 Rf6) 31... h5 32. Rh2 Rf5 33. c3 Rd5 34. Re8 Kd7 35. Rg8
a5 (35... Re4 36. Rh8 Rd3 37. R2xh5 Rxg3 38. R5h7+ Kc6 39. Rc8+ Kd5 $11) 36.
Rg7+ Kc6 37. Re2 Rd3 {Black attacks white's weaknesses, thus, forces white to
go for the draw.} 38. Re6+ Kd5 39. Re5+ Kc6 40. Re6+ Kd5 41. Re5+ Kc6 42. Re6+
Kd5 43. Re5+ 1/2-1/2

[Event "EU-ch 4th"]
[Site "Istanbul"]
[Date "2003.06.01"]
[Round "3"]
[White "Mastrovasilis, Dimitrios"]
[Black "Marin, Mihail"]
[Result "1-0"]
[WhiteElo "2456"]
[BlackElo "2568"]
[Annotator "Erenburg,S"]
[PlyCount "87"]
[EventDate "2003.05.30"]
[EventType "swiss"]
[EventRounds "13"]
[EventCountry "TUR"]
[SourceTitle "CBM 096"]
[Source "ChessBase"]
[SourceDate "2003.09.25"]
[SourceVersion "1"]
[SourceVersionDate "2003.09.25"]
[SourceQuality "1"]

1. e4 d6 2. d4 g6 3. Nc3 Bg7 4. f4 Nf6 5. Nf3 O-O 6. Bd3 Na6 7. O-O c5 8. d5
Bg4 {Another thoretical line is} (8... Rb8 9. Qe2 {0-1 Jakovenko,D-Lugovoi,A/
Krasnodar 2002/CBM 91/[Finkel,A] (41)} (9. Bc4 {1/2-1/2 Pedersen,N-Izoria,Z/
Istanbul 2003/CBM96_01/[Erenburg] (29)}) (9. f5 Nc7 10. a4 a6 11. a5 Nb5 12.
fxg6 hxg6 13. Qe1 Nxc3 14. bxc3 Nh7 15. e5 e6 16. Ra4 dxe5 17. Rh4 Bf6 18. Rh6
exd5 19. Nxe5 Bg7 20. Rxh7 Kxh7 21. Nxf7 {1-0 Almasi,Z-Hickl,J/Bundesliga 2003
(21)}) (9. Kh1 Bg4 (9... Nc7 10. a4 a6 11. a5 b5 12. axb6 Rxb6 13. Na4 Rb8 14.
c4 e6 15. e5 Nfe8 16. dxe6 Nxe6 17. Be4 $14 {1/2-1/2 Baklan,V-Smirin,I/
Istanbul 2000/EXT 2001 (26)}) 10. a3 Nc7 11. Qe1 b5 12. Qh4 c4 13. Be2 e6 14.
f5 exf5 15. exf5 Bxf5 16. Bg5 $13 {1/2-1/2 Sadvakasov,D-Lugovoi,A/Moscow 2002/
CBM 88 (64)})) 9. Bc4 {I think, that the c4 square is better position for
light-squared bishop, than the e2 square, as from c4 it can put pressure on
black pawn e6, after black provides e7-e6.} (9. Be2 {1-0 Gross,D-Sarno,S/
Leipzig 2002/CBM 89/[Avrukh,B] (31)}) 9... Nc7 10. h3 Bxf3 11. Qxf3 e6 {
The most principal continuation, while the following ones are also possible.} (
11... a6 {1/2-1/2 Paramos Dominguez,R-Bogdanovski,V/Skopje 2002/CBM 88/
[Gofshtein,L] (67)}) (11... Nd7 12. a4 (12. Re1 a6 13. a4 Rb8 14. a5 b5 15.
axb6 Rxb6 16. Qd3 Qb8 17. Ra2 Nb5 18. Bd2 g5 19. g3 Kh8 20. Ne2 $14 {
Tzermiadianos,A-Tsorbatzoglou,T/Ermoupoli 1996}) 12... b6 13. h4 $6 e6 14. dxe6
Nxe6 15. Qh3 Nd4 $15 {Diedrichsen,D-Brettschneider,S/OL-NW9495}) 12. dxe6 fxe6
13. Rd1 {Logical move. White has tried also} (13. Be3 b6 (13... Qe7 14. e5 dxe5
15. Qxb7 Rfb8 16. Qf3 Rxb2 17. Ne4 Nxe4 18. Qxe4 exf4 19. Bxf4 Re8 20. Bb3 Rxb3
21. axb3 Bxa1 22. Rxa1 Nb5 23. Be3 $44 {Dolmatov,S-Smirin,I/Rostov/1993/}) 14.
Rad1 Qe7 15. Rfe1 Kh8 16. g4 Rad8 17. Bf2 Nd7 18. Qg3 $36 {Wedberg,
T-Azmaiparashvili,Z/Reykjavik op 1990}) 13... Qe7 14. e5 {White goes for
concrete variation with many tactical possiblities for both of sides.} dxe5 15.
Qxb7 Rab8 $146 {This move allows white to get the advantage. To complicated
game provides the following posiiblity:} (15... Nh5 $142 16. Nb5 Rac8 17. f5 (
17. Rd6 Qh4 18. Nxc7 Qe1+ 19. Bf1 exf4 20. Nxe6 f3 $40) 17... gxf5 18. Be3 (18.
Qxa7 $5) 18... f4 19. Bf2 f3 $40 {0-1 Fernandez Garcia,J-Azmaiparashvili,Z/
Euskadi 1991/EXT 97 (36)}) 16. Qxa7 Rb4 {threatening Ra8 and at the same time
attacking white's light-squared bishop.} (16... Ra8 17. Qb6 $16) 17. Nb5 $1 {
Right decision. Other continuations provide to unclear position.} (17. Bxe6+
Qxe6 18. Qxc7 exf4 19. Qxc5 Rc4 20. Qd6 Qf5 {[%cal Gf4f3]} 21. Qd3 (21. Rd4 Ne4
) 21... Qc5+ 22. Kh2 Nh5 $44) (17. fxe5 Nfd5 $1 $132) 17... Nfe8 {The only
move to prevent from white to get big advantage immediately.} (17... Rxc4 18.
Qxc7 Qxc7 19. Nxc7 exf4 20. Nxe6 Re8 21. Nxg7 Kxg7 22. c3 $16) (17... Nfd5 18.
Bxd5 (18. Nxc7 Qxc7 19. Qxc7 Nxc7 20. Bb3) 18... Nxd5 19. Qxe7 Nxe7 20. Nc7 Kf7
21. Rd6 $16) 18. Bf1 $2 {throwing away white's advantage. White had much more
attractive option:} (18. Na3 $1 {[%cal Gc2c3] using the fact, that the rook on
b4 will not have any good square, if it is attacked.} Rxf4 (18... Nf6 {[%cal
Gf8a8]} 19. Bxe6+ Qxe6 (19... Kh8 20. Be3 $18) 20. Qxc7 $16) 19. b3 $3 (19.
Bxf4 exf4 $44) 19... Rd4 20. Be3 $1 e4 21. c3 Rxd1+ 22. Rxd1 Bxc3 23. Nc2 $18)
18... exf4 19. c3 Re4 $11 {The position is complicated, but I would evaluate
it as an approximately equal one. White has a pair of bishops and 2 pawns "a"
and "b", that could be passed pawns in ending. On the other hand, black's
pieces are slightly more active, and he can possibly to start the attack on
white king with the breakthrough f4-f3.} 20. Qb7 Re5 21. Nxc7 Nxc7 22. Qf3 {
preventing dangerous breakthrough f4-f3.} (22. Bd2 f3 $1 $36) 22... Nd5 23. a4
{White is going to create a counterplay on the queenside, pushing his pawn "a"
forward, in opposite to black's initiative on the king side.} Ne3 24. Rd2 (24.
Re1 $2 Nxg2 $1 25. Rxe5 Nh4 $19) 24... Nf5 {[%cal Gf5h4,Yf4f3]} 25. Rf2 Nh4 {
Maybe better was} (25... Re1 26. Re2 (26. a5 Ne3 27. a6 Qa7 28. Qb7 Qxb7 29.
axb7 Be5 $15) 26... Nh4 27. Qf2 Rxe2 28. Bxe2 f3 $36) 26. Qd1 (26. Qg4 Re1 $19)
26... Rd5 (26... f3 27. g3 {see the game.}) 27. Qe1 Re5 28. Qd1 (28. Be2 f3) (
28. Re2 f3) 28... f3 29. g3 $8 Rd5 30. Qe1 Re5 31. Qd2 $2 {White should go for
a draw. The move in the game gives black possibility to get the advantage.} (
31. Qd1 Rd5 $11 (31... Rd8 $2 32. Qb3 Re1 33. gxh4 Qxh4 34. Rxf3) (31... Ng2 $6
32. Bxg2 fxg2 33. Rxf8+ Bxf8 (33... Qxf8 34. Bf4 $16) 34. Bf4 $16)) 31... Rd5
$1 32. Qe3 $2 {loses on the spot.} ({More resistant was} 32. Qc2 $142 Qd6 33.
gxh4 Qg3+ 34. Kh1 Rd1 $1 35. Qxd1 Qxf2 {[%cal Gg7e5]} 36. Be3 $8 (36. Bf4 Rxf4
$19) 36... Qxe3 37. Qe1 Qf4 $17) 32... Qd6 $1 33. gxh4 Qg3+ $19 34. Kh1 Rd1 $4
{[%mdl 8192] Probably black has overlooked the 36-th white's move, that caused
him to make this terrible mistake.} (34... Re5 $1 35. Qd2 Bf6 $1 $19 {[%cal
Gf6h4,Gf8d8]} 36. Rh2 (36. a5 Bxh4 37. Qd6 (37. Rh2 f2) 37... Rd8 38. Qc7 Qxf2
39. Qxe5 Qxf1+ 40. Kh2 Qg2#) 36... Re1 37. Qf2 Bxh4 $19) 35. Qxe6+ $18 Kh8 36.
Bf4 $1 Qxf2 ({A little more resistant was} 36... Rxf1+ 37. Raxf1 Rxf4 38. h5
Rf5 (38... gxh5 39. Qe8+) 39. Qa6 $1 {[%cal Ga6f1]} Qxh3+ (39... Be5 40. Qc8+
Kg7 41. Qxf5 gxf5 42. Rg1 $18) 40. Rh2 $18) 37. Rxd1 Rxf4 (37... Qc2 38. Qd6
$18) 38. Rd8+ Bf8 (38... Rf8 39. Rxf8+ Bxf8 40. Qf6+ Kg8 (40... Bg7 41. Qd8+)
41. Bc4#) 39. Qe5+ Kg8 40. Bc4+ Rxc4 41. Qd5+ Kg7 42. Rd7+ Kh8 43. Qe5+ Kg8 44.
Qe6+ 1-0

[Event "FRA-ch"]
[Site "Val d'Isere"]
[Date "2004.08.19"]
[Round "4"]
[White "Vaisser, Anatoli"]
[Black "Degraeve, Jean Marc"]
[Result "1-0"]
[WhiteElo "2580"]
[BlackElo "2530"]
[Annotator "Erenburg,S"]
[PlyCount "59"]
[EventDate "2004.08.16"]
[EventType "tourn"]
[EventRounds "11"]
[EventCountry "FRA"]
[EventCategory "13"]
[SourceTitle "CBM 103"]
[Source "ChessBase"]
[SourceDate "2004.11.11"]
[SourceVersion "1"]
[SourceVersionDate "2004.11.11"]
[SourceQuality "1"]

1. d4 d6 2. e4 Nf6 3. Nc3 g6 4. f4 Bg7 5. Nf3 ({Less popular is} 5. a3 $5 {
1-0 Flear,G-Tseshkovsky,V/Hastings 2003/CBM 93/[Erenburg] (41)}) 5... O-O ({
Another theoretical possibility is} 5... c5 {0-1 Luther,T-Beliavsky,A/Germany
2002/CBM 93/[Erenburg] (31)}) 6. Bd3 {White is going to castle short, while
there is a plan with long castle as well:} (6. Be3 b6 7. Qd2 {0-1 Kotronias,
V-Smirin,I/Moscow 2004/[Erenburg] (62)}) 6... Na6 7. O-O {More aggressive
option is} (7. e5 {1/2-1/2 Pedersen,N-Marin,M/Istanbul 2003/CBM 96/[Erenburg] 
(29)}) 7... c5 8. d5 Bg4 {Another thoretical line is} (8... Rb8 {1-0 Vaisser,
A-Bauer,C/Aix les Bains 2003/CBM 97_01/[Erenburg] (32)}) 9. Qe2 {White prefers
the d3 square for the light-squared bishop. This continuation is rare in
comparison to the following ones:} (9. Bc4 {1-0 Mastrovasilis,D-Marin,M/
Istanbul 2003/CBM 96/[Erenburg] (44)}) (9. Be2 {1-0 Gross,D-Sarno,S/Leipzig
2002/CBM 89/[Avrukh,B] (31)}) 9... Nc7 10. a4 {preventing from black the
counterplay on the queenside with b7-b5.} e6 11. h3 $146 {In this way, white
gets a pair of bishops, and protects his central pawn d5. This move is novelty,
white tried} (11. dxe6 Nxe6 12. Be3 d5 13. exd5 Nxd5 14. Nxd5 Qxd5 15. Bc4 Qe4
16. Bd3 Nxf4 17. Bxe4 Nxe2+ 18. Kf2 Nd4 $15 {0-1 Pax,H-Sarno,S/Imperia 1996/
EXT 99 (40)}) 11... Bxf3 12. Qxf3 exd5 13. exd5 Nd7 {opening the long diagonal
for dark-squared bishop.} 14. Nd1 {preventing from black an option of
worsening white's pawn structure by capture on c3. Also, white transfers his
knight to kingside, hoping to develop the initiative on that side of the board.
} Re8 15. Bd2 Qe7 16. c3 {limitting the possibilities of black bishop, as well
as liberating the knight from protecting the b2 square.} Nf6 {attacking the
central d5 pawn, and, at the same time, intending to occupy the e4 square.} ({
Comes to consideration} 16... f5 {with following Nf6.}) 17. f5 Nd7 {After
white played f4-f5, black got the option of occupation the e5 square. More
principal was the capture of d5 pawn, but white has enough resources to get
sufficient compensation:} (17... Nfxd5 $2 18. fxg6 hxg6 (18... fxg6 19. Bc4 Qe4
20. Ne3 $18) 19. Bc4 Nf6 20. Bg5 Qe4 21. Bxf6 Qxc4 22. Bxg7 Kxg7 23. Ne3 Qe6
24. Rae1 Qd7 25. c4 $1 $36 {[%cal Ye3g4,Gf3c3,Gf3b7]}) (17... Ncxd5 $5 18. fxg6
hxg6 19. Bb5 Rf8 20. Nf2 $44 {[%cal Ya1e1]}) 18. Bf4 $1 {covering the e5
square.} Ne5 $6 {I don't think, black got right decision to change his knight
for white's bishop.} ({Logical alternative is to try to change the
dark-squared bishops with} 18... Be5 19. Bh6 Bg7 $13) 19. Bxe5 Bxe5 20. Nf2 $1
{White has good chances to develop dangerous initiative on the kingside, as he
has four active-located pieces there.} Qh4 {intending to trade the queens with
Qg3.} 21. Ng4 {threatening with opening the "f" file.} g5 $6 {After this
mistake black's queen has no squares, and white can use it.} ({Of course not} 
21... Qg3 $4 22. Nf6+ $18) (21... Re7 22. fxg6 hxg6 23. Nxe5 $18) ({Better was
} 21... Kh8 $14) 22. Rfe1 $1 f6 $2 ({Last chance was} 22... Bd4+ 23. Kf1 h5 (
23... Bg7 24. f6 (24. g3 Qxh3+ 25. Kf2 h5) 24... Bf8 25. c4 $16) 24. Nh6+ Kg7
25. Nxf7 Kxf7 26. cxd4 $16) 23. Rxe5 $1 {[%mdl 512] Brilliant sacrifice! White
uses unsuccessful location of black's queen.} (23. Re4 {promises white big
advantage as well:} Bf4 24. Nxf6+ Kf7 25. Nxe8 Rxe8 26. Rf1 $18) 23... fxe5 {
Oher moves lose as well:} (23... dxe5 24. d6 $18) (23... Rxe5 24. g3 Qxh3 25.
Bf1 $18) 24. g3 $1 Qxh3 25. f6 $1 {Only this one! Other moves don't promise
white anything:} (25. Bf1 $2 e4 $17) (25. Kf2 $2 h5 26. Nf6+ Kf7 27. Nxe8 Qh2+
28. Ke3 Rxe8 $15) 25... Kf7 (25... Kf8 {doesn't change the evaluation of the
position:} 26. Kf2 $1 (26. f7 Re7 27. Rf1 Nxd5 $17) 26... e4 27. Rh1 $1 (27.
Bxe4 h5 28. Rh1 Qxg4 (28... hxg4 29. Qf5) 29. Qxg4 hxg4 30. Bg6 Kg8 31. Rh7 $11
(31. f7+ Kg7 32. fxe8=R Nxe8 $15)) 27... exf3 28. Rxh3 $18) {[%tqu "En",
"Please find the best move for white.","","","g1f2","",10]} 26. Kf2 $1 $18 {
threatening with Rh1.} e4 (26... h5 27. Qf5 $18) 27. Bxe4 h5 (27... Rxe4 {
loses as well:} 28. Qxe4 Re8 29. Qf5 $18 {[%cal Yf5d7,Gg4e5]}) {[%tqu "En",
"Please use the vulnerable position of black monarch.","","","f3f5","",10]} 28.
Qf5 $1 {using vulnerable position of black monarch.} Kf8 ({In case of} 28...
Rxe4 {white wins easily after} 29. Qh7+ Ke8 (29... Kf8 30. Qh8+ Kf7 31. Nh6+
Kg6 32. Qg7#) 30. Qxe4+ $18) 29. Qh7 Rxe4 30. Qh8+ {mating. Another great game
by Vaisser in Pirc!} (30. Qh8+ Kf7 31. Nh6+ Kg6 32. Qg7#) 1-0